• 首页
  • 本馆介绍
  • 公告通知
  • 最新文献
  • 馆藏检索
  • 电子资源
  • 读者导购
  • 参考咨询
  • 我的图书馆
  • 登录
  • 详细信息显示
  • 放入我的书架
  • 预约/预借图书
  • 作者相关作品
  • 分类相关作品
  • 丛书相关作品
  • 出版社相关作品

书目信息

  • 表格格式
  • 工作单格式
  • 卡片格式
题名:
皮革鞣制
    
 
作者: ;天津市皮革制品工业公司 编
分册:  
出版信息: 北京   轻工业出版社  1977
页数: 199页
开本: 19cm
丛书名:
单 册:
中图分类: TS543
科图分类:
主题词: 制革
电子资源:
ISBN:
000 00722nam0 2200241 45
001 0177002743
005 20051229090741.29
010    @dCNY0.45
091    @a15042.1427
100    @a19951021d1977 em y0chiy0121 ea
101 0  @achi
102    @aCN@b110000
105    @ay z 000yy
200 10 @a皮革鞣制@Api ge rou zhi@f天津市皮革制品工业公司编@Ftian jin shi pi ge zhi pin gong ye gong si bian
210    @a北京@c轻工业出版社@d1977
215    @a199页@d19cm
300    @a制革工人技术读本
606 0  @a制革
690    @aTS543
711 02 @a天津市皮革制品工业公司@Atian jin shi pi ge zhi pin gong ye gong si@4编
801  2 @aCN@bNLC@c20051229
801  0 @aCN@b广东省中山图书馆@c20040518
905    @f1@b7510@dTS543@e3
    
    皮革鞣制/天津市皮革制品工业公司编.-北京:轻工业出版社,1977
    199页;19cm
    制革工人技术读本
    
    ISBN :CNY0.45
    
●
相关链接 在E读中查询图书 在五车中查询图书 在当当中查询图书 在豆瓣中查询图书


正题名:皮革鞣制     索取号:TS543/3         预约/预借

序号 登录号 条形码 馆藏地/架位号 状态 备注
1 0007508   001647677   第二样本阅览室/ [索取号:TS543/3] 在馆    
2 0007509   202181584   密集书库/ [索取号:TS543/3] 在馆    
3 0007510   001647686   第三借阅区/ [索取号:TS543/3] 在馆    
唐山师范学院图书馆 欢迎您!
大连网信软件有限公司© 版权所有